| 000 | 00927nam a2200289Ia 4500 | ||
|---|---|---|---|
| 003 | OSt | ||
| 005 | 20221005092957.0 | ||
| 006 | a|||||r|||| 00| 0 | ||
| 007 | ta | ||
| 008 | 221004b |||||||| |||| 00| 0 eng d | ||
| 020 |
_a9781462528233 (pbk) _cUKP 25.99 |
||
| 024 | _a43531 | ||
| 037 |
_b504, 15/03/2019, Sunrise Books _cTextual |
||
| 040 |
_aCRL _cCRL _beng |
||
| 041 |
_2eng _aeng |
||
| 082 | _aSI-2:4-86, N6;Q8 | ||
| 100 |
_aKendall Philip C. Ed. _928615 |
||
| 245 | 0 |
_aCognitive therapy with children and adolescents _b a casebook for clinical practice |
|
| 250 | _a3rd | ||
| 260 |
_aNew York _bThe Guilford Press USA _c2018 |
||
| 300 |
_axii,340p. _ccm. |
||
| 650 | _a CHILD PSYCHOLOGY | ||
| 650 |
_a COGNITIVE STYLES _915127 |
||
| 650 | _aADOLESCENT PSYCHOLOGY | ||
| 942 |
_hSI-2:4-86, N6;Q8 _cTEXL _2cc |
||
| 999 |
_c999643 _d999643 |
||